MARC details
| 000 -LEADER |
| campo de control de longitud fija |
03129nam a22003617i 4500 |
| 001 - NÚMERO DE CONTROL |
| campo de control |
193579 |
| 003 - IDENTIFICADOR DE NÚMERO DE CONTROL |
| campo de control |
ES-MaACL |
| 005 - FECHA Y HORA DE LA ÚLTIMA TRANSACCIÓN |
| campo de control |
20250711063121.0 |
| 007 - CAMPO FIJO DE DESCRIPCIÓN FÍSICA--INFORMACIÓN GENERAL |
| campo de control de longitud fija |
ta |
| 008 - DATOS DE LONGITUD FIJA--INFORMACIÓN GENERAL |
| campo de control de longitud fija |
240116b2022 sp ||||| |||| 00| 0 spa d |
| 020 ## - NÚMERO INTERNACIONAL ESTÁNDAR DEL LIBRO |
| Número Internacional Estándar del Libro |
9798419818644 |
| 040 ## - FUENTE DE CATALOGACIÓN |
| Lengua de catalogación |
spa |
| Centro/agencia transcriptor |
ES-MaACL |
| 080 ## - NÚMERO DE LA CLASIFICACIÓN DECIMAL UNIVERSAL |
| Número de la Clasificación Decimal Universal |
929 Bermúdez Cancine, Maristela |
| 100 1# - ENTRADA PRINCIPAL--NOMBRE DE PERSONA |
| Nombre de persona |
Bermúdez Cancine, Maristela, |
| Fechas asociadas al nombre |
1959- |
| Término indicativo de función/relación |
Autor |
| 9 (RLIN) |
234886 |
| 245 13 - MENCIÓN DEL TÍTULO |
| Título |
La oración científica, un camino espiritual : |
| Resto del título |
mi historia / |
| Mención de responsabilidad, etc. |
Maristela Bermúdez Cancine |
| 260 ## - PUBLICACIÓN, DISTRIBUCIÓN, ETC. |
| Lugar de publicación, distribución, etc. |
[Caracas : |
| Nombre del editor, distribuidor, etc. |
M. Bermúdez Cancine], |
| Fecha de publicación, distribución, etc. |
2022 |
| Lugar de fabricación/manufactura |
(Polonia : |
| Fabricante |
Amazon Fulfillment) |
| 300 ## - DESCRIPCIÓN FÍSICA |
| Extensión |
98 páginas ; |
| Dimensiones |
23 cm |
| 336 ## - TIPO DE CONTENIDO |
| Fuente |
rdacontent |
| Término de tipo de contenido |
Texto |
| 337 ## - TIPO DE MEDIO |
| Fuente |
rdamedia |
| Nombre/término del tipo de medio |
sin mediación |
| 338 ## - TIPO DE SOPORTE |
| Fuente |
rdacarrier |
| Nombre/término del tipo de soporte |
volumen |
| 500 ## - NOTA GENERAL |
| Nota general |
En cub.: Best seller. Libro inteligente |
| 500 ## - NOTA GENERAL |
| Nota general |
Índice |
| 520 ## - RESUMEN, ETC. |
| Sumario, etc. |
Es la biografía de vida desde mi infancia hasta hoy, donde me formé y estudié desde la ciencia, como ingeniera mecánico y luego me fui a la oración, con actividades espirituales y de meditación, en los año 80 del siglo pasado; ser racional y espiritual a la vez, con mis conocimientos de astrología y meditación, así como, estudios psicológicos que me permitieron transformarme del Patito Feo al Cisne.<br/>Mi libro habla de mi experiencia por más de 40 años, como viacrucis de dificultades: la muerte por asesinato de mi padre, que me llevó a la pobreza y como surgí con el apoyo de amigos y profesores que me ayudaron a estudiar para convertirme en una ingeniera mecánica en 1981,con el pasar del tiempo, ahora soy asesora y mentoring profesional y espiritual.<br/>Explico como a lo largo de mi vida estudié astrología, equilibrio de los chacras, meditaciones para la esencia de la vida y me preparé para ayudar a la humanidad a encontrar su misión de vida y propósitos tanto terrenales como espirituales, mediante la evaluación de cartas astrales, asesorías personales y consultas de coach para superación personal.<br/>Mi pasión por el conocimiento me ha llevado a tener 3 libros escritos: un cuento en el año 2001: Glóbulo Tercero y la Salvación de la Tierra, un libro de Autoayuda: Mantenimiento de La Vida y un Artículo de la física: la Ecuación de la Conciencia, mediante la integración por el método matemático de integrales triples a la ecuación de la energía de Einstein e interpretando a la filosofía de Pitágoras que decía como los seres humanos somos un ser triuno como Dios, viviendo en un espacio tridimensional y también en un tiempo tridimensional. |
| 600 10 - PUNTO DE ACCESO ADICIONAL DE MATERIA--NOMBRE DE PERSONA |
| Nombre de persona |
Bermúdez Cancine, Maristela, |
| Fechas asociadas al nombre |
1959- |
| 9 (RLIN) |
234886 |
| 852 ## - LOCALIZACIÓN |
| Ubicación |
ES-MaACL |
| Sublocalización o colección |
R. 154932 |
| Ubicación en estantería |
Depósito J |
| Número de control de estantería |
N-9587 |
| Anotaciones manuscritas |
Dedicatoria autógrafa de la autora |
| Donativo/Legado |
Donación: Maristela Bermúdez Cancine |
| itemnumber |
201042 |
| Encuadernación |
Encuadernación rústica |
| 903 ## - NOMBRE PERSONAL DE DONANTE |
| a |
Bermúdez Cancine, Maristela, |
| d |
1959- |
| e |
Donante |
| 9 |
234886 |
| 942 ## - ELEMENTOS DE ENTRADA SECUNDARIOS (KOHA) |
| Suprimir en OPAC |
No |
| Tipo de ítem Koha |
Libro impreso |